Ekologičeskije aspekty gidroenergetiky

Gespeichert in:
Bibliographische Detailangaben
Hauptverfasser: Vasiljev, Ju (Verfasst von), Chrisanov, N.I (Verfasst von)
Format: Buch
Sprache:Russisch
Veröffentlicht: Leningrad : Izd. Leningradskogo Universiteta, 1984
Tags: Tag hinzufügen
Keine Tags, Fügen Sie das erste Tag hinzu!

MARC

LEADER 00000nam a22000003a 4500
001 stu81481
005 20150617225638.3
008 030729s1984----xxr-----------------rus-d
040 |a STU  |b slo 
041 0 |a rus 
044 |a xxr 
080 |a 621.311 
100 1 |a Vasiljev, Ju.  |4 aut 
245 1 |a Ekologičeskije aspekty gidroenergetiky 
260 |a Leningrad :  |b Izd. Leningradskogo Universiteta,  |c 1984 
300 |a 246 s 
700 1 |a Chrisanov, N.I.  |4 aut 
996 |c V*33719/O-13782  |l VV7  |s P  |a 0  |w stu81481_0001